| 000 | 00986cam a22002771a 4500 | ||
|---|---|---|---|
| 001 | agr67000046 | ||
| 003 | DLC | ||
| 005 | 20260227111025.0 | ||
| 008 | 870126s1966 dcua b f000 0 eng | ||
| 010 | _aagr67000046 | ||
| 035 | _a(OCoLC)15113548 | ||
| 040 |
_aDLC _cIU _dDNAL _dOrPS _dDLC |
||
| 042 | _apremarc | ||
| 043 | _an-us--- | ||
| 050 | 0 | 0 |
_aHD1751 _b.A91854 no. 104 |
| 070 | 0 |
_aA281.9 _bAg8A no.104 |
|
| 072 | 0 |
_aE200 _aE100 |
|
| 100 | 1 |
_aAllen, Philip T., _d1917- |
|
| 245 | 1 | 0 |
_aFarm real-estate credit : _ban analysis of borrowers and lenders, a report based on the debt portion of the 1960 Census sample survey of agriculture / _c[by Philip T. Allen]. |
| 260 |
_aWashington : _bU.S. Dept. of Agriculture, Economic Research Service, _c1966. |
||
| 300 |
_aiv, 40 p. : _bill. ; _c26 cm. |
||
| 440 | 0 |
_aAgricultural economic report ; _vno. 104 |
|
| 500 | _aCover title. | ||
| 504 | _aIncludes bibliographical references. | ||
| 650 | 0 |
_aAgricultural credit _zUnited States. |
|
| 999 |
_c12155 _d12155 |
||